Samakaala malayala kavitha: (Record no. 181927)

000 -LEADER
fixed length control field 00517nam a22001817a 4500
020 ## - INTERNATIONAL STANDARD BOOK NUMBER
ISBN 9789390790081
082 ## - DEWEY DECIMAL CLASSIFICATION NUMBER
Classification number M100 7
Item number NIB/S
100 ## - MAIN ENTRY--AUTHOR NAME
Personal name Nibulal Vettoor
245 ## - TITLE STATEMENT
Title Samakaala malayala kavitha:
Sub Title pravanathakalum prathirodangalum/
Statement of responsibility, etc by Nibulal Vettoor (ed.)
250 ## - EDITION STATEMENT
Edition statement 2nd ed.
260 ## - PUBLICATION, DISTRIBUTION, ETC. (IMPRINT)
Place of publication Kozhikode:
Name of publisher Pavanatma Publishers,
Year of publication 2022.
300 ## - PHYSICAL DESCRIPTION
Number of Pages 240p.
650 ## - SUBJECT ADDED ENTRY--TOPICAL TERM
Topical Term Poetry Malayalam Study
650 ## - SUBJECT ADDED ENTRY--TOPICAL TERM
Topical Term Literature Malayalam
650 ## - SUBJECT ADDED ENTRY--TOPICAL TERM
Topical Term Literature
700 ## - ADDED ENTRY--PERSONAL NAME
Personal name Nibulal Vettoor (ed.)
942 ## - ADDED ENTRY ELEMENTS (KOHA)
Koha item type Book
Holdings
Withdrawn status Lost status Damaged status Not for loan Permanent Location Current Location Shelving location Date acquired Cost, normal purchase price Full call number Accession Number Price effective from Koha item type
        Sree Sankaracharya University of Sanskrit Sree Sankaracharya University of Sanskrit Stacks 02.06.2026 350.00 M100 7 NIB/S 109061 02.06.2026 Book